| 000 -LEADER |
| fixed length control field |
00852cam a2200229 a 4500 |
| 001 - CONTROL NUMBER |
| control field |
3488562 |
| 005 - DATE AND TIME OF LATEST TRANSACTION |
| control field |
20180301043013.0 |
| 008 - FIXED-LENGTH DATA ELEMENTS--GENERAL INFORMATION |
| fixed length control field |
940914s1995 wiuab b 100 0 eng |
| 010 ## - LIBRARY OF CONGRESS CONTROL NUMBER |
| LC control number |
94037486 |
| 020 ## - INTERNATIONAL STANDARD BOOK NUMBER |
| International Standard Book Number |
0891188177 |
| 040 ## - CATALOGING SOURCE |
| Original cataloging agency |
DLC |
| Transcribing agency |
DLC |
| Modifying agency |
DLC |
| 041 ## - LANGUAGE CODE |
| Language code of text/sound track or separate title |
eng |
| 080 ## - UNIVERSAL DECIMAL CLASSIFICATION NUMBER |
| Universal Decimal Classification number |
631.41011 kis |
| 082 00 - DEWEY DECIMAL CLASSIFICATION NUMBER |
| Classification number |
631.41011 kis |
| Edition number |
20 |
| 100 ## - Rafti |
| Rafti |
11 |
| 101 ## - Shkurtesa |
| Shkurtesa |
kim |
| 245 00 - TITLE STATEMENT |
| Title |
Chemical equilibrium and reaction models / |
| Statement of responsibility, etc |
editors, Richard H. Loeppert, A. Paul Schwab, and Sabine Goldberg ; [editors-in-chief], D.E. Kissel, G.H. Heichel ; managing editor, Jon M. Bartels. |
| 504 ## - BIBLIOGRAPHY, ETC. NOTE |
| Bibliography, etc |
Includes bibliographical references. |
| 906 ## - LOCAL DATA ELEMENT F, LDF (RLIN) |
| a |
7 |
| b |
cbc |
| c |
orignew |
| d |
1 |
| e |
ocip |
| f |
19 |
| g |
y-gencatlg |
| 942 ## - ADDED ENTRY ELEMENTS (KOHA) |
| Source of classification or shelving scheme |
|
| Item type |
Books |